000 00898nam a2200277Ia 4500
003 GCL
008 140319s9999 xx 000 0 ara d
040 _aGCL /
_cGCL
082 0 4 _a301.427
_bه ن
100 1 _aهشام شرابى
245 1 0 _aالنظام الابوى واشكالية تخلف المجتمع العربى /
_cهشام شرابى
260 _a[S.N] :
_bمركز دراسات الوحدة العربية ،
_c1988
300 _a182 ص
490 _a
650 0 4 _aتاريخ
650 0 4 _aالحضارة العربية الاسلامية - المعارف البحرية
650 0 4 _aالاسرة
650 0 4 _aالثقافة
650 0 4 _aالاجتماع
650 0 4 _aالتخلف الثقافى
650 0 4 _aالجهل
650 0 4 _aالمجتمع العربى
650 0 4 _aالابوة
650 0 4 _aالتخلف الاجتماعى
942 _2ddc
_cBK
999 _c32448
_d32448